[Event "1st Central Asia Cup"]
[Site "Tashkent UZB"]
[Date "2011.10.20"]
[Round "3.1"]
[White "Kasimdzhanov,R"]
[Black "Kvon,A"]
[Result "1/2-1/2"]
[WhiteElo "2678"]
[BlackElo "2486"]

1.d4 Nf6 2.Nf3 e6 3.c4 c5 4.d5 b5 5.Bg5 exd5 6.cxd5 d6 7.e4 a6 8.Bd3 Be7
9.a4 O-O 10.axb5 Nxd5 11.exd5 Bxg5 12.Nxg5 Qxg5 13.O-O Bb7 14.Nc3 axb5 15.Rxa8 Bxa8
16.Bxb5 Bb7 17.Qd3 Bc8 18.Re1 Bd7 19.h3 Rd8 20.Re3 h6 21.Qe2 Kf8 22.Bxd7 Nxd7
23.Qa6 Ne5 24.Ne4 Qe7 25.Qe2 Re8 26.Qa6 Rd8 27.Rb3 Nd7 28.Qxd6 Qxd6 29.Nxd6 Nf6
30.Nf5 Nxd5 31.Rb5 c4 32.Rc5 Nb6 33.Ne3 Na4 34.Rb5 Rc8 35.Kf1 c3 36.bxc3 Nxc3
37.Rb4 g6 38.g4 Kg7 39.h4 Re8 40.Rb6 Re5 41.h5 Nd5  1/2-1/2

[Event "TCh-ESP CECLUB Div Honor 2011"]
[Site "Melilla ESP"]
[Date "2011.11.23"]
[Round "3"]
[White "Salgado Lopez,I"]
[Black "Kasimdzhanov,R"]
[Result "0-1"]
[WhiteElo "2621"]
[BlackElo "2675"]

1.e4 e5 2.Nf3 Nc6 3.Bb5 a6 4.Ba4 Nf6 5.O-O b5 6.Bb3 Bc5 7.a4 Rb8 8.Nxe5 Nxe5
9.d4 Bxd4 10.Qxd4 d6 11.f4 Nc6 12.Qc3 Ne7 13.f5 O-O 14.Qe1 Bb7 15.Qh4 Nxe4
16.Nc3 Nxc3 17.bxc3 Bd5 18.f6 Ng6 19.Qh5 Bxb3 20.cxb3 Re8 21.fxg7 Re5 22.Qf3 Qd7
23.axb5 axb5 24.Bd2 Qe6 25.Rf2 Kxg7 26.Raf1 f5 27.c4 Kg8 28.cxb5 Rbxb5 29.b4 Re4
30.Qc3 Rc4 31.Qa1 f4 32.Qa8+ Kg7 33.Rf3 Rf5 34.Bc3+ Ne5 35.Rh3 Rg5 36.Qd8 h6
37.Bxe5+ Rxe5 38.Ra3 Re1 39.Rf3 Rcc1 40.g3 Rxf1+  0-1

[Event "Turkish Bank Chess League 2012"]
[Site "Konya TUR"]
[Date "2012.07.14"]
[Round "4"]
[White "Kobalia,M"]
[Black "Kasimdzhanov,R"]
[Result "1/2-1/2"]
[WhiteElo "2677"]
[BlackElo "2690"]

1.e4 e5 2.Nf3 Nc6 3.Bb5 a6 4.Ba4 Nf6 5.O-O b5 6.Bb3 Bc5 7.a4 Rb8 8.c3 d6
9.d4 Bb6 10.axb5 axb5 11.Na3 O-O 12.Nxb5 Bg4 13.Bc2 exd4 14.Nbxd4 Nxd4 15.cxd4 Bxf3
16.gxf3 Nh5 17.f4 Qh4 18.Ra3 c5 19.d5 c4 20.Qf3 Bd4 21.Qh3 Qxh3 22.Rxh3 g6
23.b3 Rfc8 24.Rf3 cxb3 25.Bxb3 Nf6  1/2-1/2

[Event "Turkish Bank Chess League 2012"]
[Site "Konya TUR"]
[Date "2012.07.16"]
[Round "6"]
[White "Inarkiev,E"]
[Black "Kasimdzhanov,R"]
[Result "1-0"]
[WhiteElo "2707"]
[BlackElo "2690"]

1.e4 e5 2.Nf3 Nc6 3.Bb5 a6 4.Ba4 Nf6 5.O-O b5 6.Bb3 Bc5 7.c3 d6 8.a4 Rb8
9.d4 Bb6 10.a5 Ba7 11.h3 O-O 12.Re1 Bb7 13.Bg5 h6 14.Bh4 exd4 15.cxd4 g5
16.Bg3 Re8 17.Nc3 b4 18.Nd5 Nxd5 19.Bxd5 Nxd4 20.Nxd4 Bxd5 21.Qd3 Qf6 22.Nf5 Bb7
23.Rac1 Rbc8 24.Rc4 d5 25.Rxb4 dxe4 26.Qc4 Ba8 27.Ne3 h5 28.Rc1 h4 29.Ng4 Qg6
30.Be5 Re6 31.Qb3 Kh7 32.Rb7 Bxf2+ 33.Kxf2 e3+ 34.Kg1 e2 35.Re1 f5 36.Rb8 Bd5
37.Rxc8  1-0

[Event "Turkish Bank Chess League 2012"]
[Site "Konya TUR"]
[Date "2012.07.20"]
[Round "11"]
[White "Cetinkaya,V"]
[Black "Kasimdzhanov,R"]
[Result "0-1"]
[WhiteElo "2040"]
[BlackElo "2690"]

1.d4 Nf6 2.c4 e6 3.Nc3 Bb4 4.e3 O-O 5.Bd3 d5 6.a3 Bxc3+ 7.bxc3 dxc4 8.Bxc4 c5
9.Nf3 Qc7 10.Bd3 cxd4 11.O-O dxc3 12.e4 e5 13.Nh4 Be6 14.Bc2 Nc6 15.Bg5 Rfd8
16.Qc1 Nd4 17.Re1 Rac8 18.Nf5 Bxf5 19.Bxf6 gxf6 20.exf5 Qc4 21.Bd1 c2 22.Bh5 Nb3
23.Qh6 Nxa1  0-1

[Event "Turkish Bank Chess League 2012"]
[Site "Konya TUR"]
[Date "2012.07.22"]
[Round "13"]
[White "Galkin,A"]
[Black "Kasimdzhanov,R"]
[Result "1/2-1/2"]
[WhiteElo "2615"]
[BlackElo "2690"]

1.c4 g6 2.Nf3 Bg7 3.g3 e6 4.Bg2 d5 5.d4 Ne7 6.O-O O-O 7.cxd5 exd5 8.Nc3 c6
9.Bf4 Nd7 10.Rc1 Nb6 11.Na4 Nf5 12.Nc5 Re8 13.Re1 h6 14.h4 Nc4 15.b3 Ncd6
16.Be5 Bf8 17.Nd2 Nb5 18.e4 Nfxd4 19.exd5 cxd5 20.Nf1 b6 21.Na4 Bb4 22.Re3 Nf5
23.Bxd5 Nxe3 24.Nxe3 Be6 25.Bc6 Qxd1+ 26.Rxd1 Na3 27.Bxa8 Rxa8 28.Nd5 Bxd5
29.Rxd5 Re8 30.Bf6 Be7 31.Bb2 Nc2 32.Bf6 Na3 33.Bb2 Nc2  1/2-1/2

[Event "Before Trzcianka GM Blitz 2014"]
[Site "Poznan POL"]
[Date "2014.04.12"]
[Round "2.2"]
[White "Kasimdzhanov,R"]
[Black "Fridman,D"]
[Result "1/2-1/2"]
[WhiteElo "2693"]
[BlackElo "2616"]

1.e4 e6 2.d4 d5 3.Nd2 c5 4.Ngf3 cxd4 5.exd5 Qxd5 6.Bc4 Qd7 7.O-O Nc6 8.Nb3 a6
9.Qe2 Be7 10.Bf4 b5 11.Bd3 Nf6 12.a4 bxa4 13.Rxa4 O-O 14.Nbxd4 Ne5 15.Nxe5 Qxa4
16.Nec6 Re8 17.Bc1 Bb7 18.b3 Qa2 19.Nxe7+ Rxe7 20.Nf5 Rd7 21.Nxg7 Kxg7 22.Qe5 Rxd3
23.cxd3 Qxb3 24.Bg5 Qd5 25.Qxf6+ Kg8 26.f3 Qf5 27.Qe7 Bd5 28.Bf6 a5 29.Ba1 a4
30.Qa3 Qf4 31.Qc3 f6 32.Re1 Kf7 33.Qb2 Rb8 34.Qc3 Rb3 35.Qc8 Kg7 36.Qd7+ Kg6
37.Qe8+ Kg7 38.Qe7+ Kg6 39.Qf8 Rb7 40.Qe8+ Rf7 41.h3 a3 42.Qg8+ Rg7 43.Qe8+ Rf7
44.Qg8+ Rg7  1/2-1/2

[Event "Before Trzcianka GM Blitz 2014"]
[Site "Poznan POL"]
[Date "2014.04.12"]
[Round "4.1"]
[White "Bartel,Marta"]
[Black "Kasimdzhanov,R"]
[Result "0-1"]
[WhiteElo "2342"]
[BlackElo "2693"]

1.d4 Nf6 2.Nf3 d5 3.c4 c6 4.e3 Bg4 5.Nbd2 e6 6.h3 Bh5 7.Bd3 Nbd7 8.O-O Bd6
9.Be2 O-O 10.b3 Ne4 11.Bb2 f5 12.Ne5 Bxe2 13.Qxe2 Bxe5 14.dxe5 Re8 15.Rac1 Qe7
16.Rfd1 a5 17.f3 Nxd2 18.Qxd2 a4 19.b4 Nb6 20.cxd5 exd5 21.f4 Nc4 22.Qc3 a3
23.Ba1 b5 24.Rb1 Qe6 25.Qd3 Re7 26.Bd4 Rf7 27.Qe2 h6 28.Bc5 Kh7 29.Rb3 Rg8
30.Rc3 g5 31.Kf1  0-1

[Event "Before Trzcianka GM Blitz 2014"]
[Site "Poznan POL"]
[Date "2014.04.12"]
[Round "5.6"]
[White "Kasimdzhanov,R"]
[Black "Naiditsch,A"]
[Result "0-1"]
[WhiteElo "2693"]
[BlackElo "2706"]

1.e4 c5 2.Nf3 Nc6 3.d4 cxd4 4.Nxd4 e5 5.Nb5 d6 6.c4 Be7 7.N1c3 a6 8.Na3 f5
9.exf5 Bxf5 10.Bd3 Be6 11.Qh5+ Bf7 12.Qh3 Nf6 13.O-O Nd4 14.Be3 Be6 15.Qh4 Nf5
16.Bxf5 Bxf5 17.Rad1 Qc8 18.c5 dxc5 19.Nc4 Qe6 20.Bg5 h6 21.Bxf6 Bxf6 22.Qh5+ g6
23.Qe2 O-O 24.Rd6 Qf7 25.Nxe5 Qe7 26.Rd5 Rad8 27.f4 b5 28.Rfd1 Rde8 29.a3 Qg7
30.Rxc5 g5 31.Nd5 gxf4 32.Nxf6+ Qxf6 33.Re1 Kh8 34.b4 Re6 35.Qf2 Bh7 36.h3 Rfe8
37.Qd4 Kg8 38.Kf1 f3 39.gxf3 Bf5 40.Kf2 Rd6 41.Rg1+ Kf8 42.Qf4 Red8 43.Ng6+ Bxg6
44.Qxh6+ Qg7 45.Qf4+ Qf6 46.Qh6+ Qg7 47.Qf4+ Rf6 48.Qe3 Re8 49.Qc3 Rfe6 50.Rf5+ Kg8
51.Qb3 Kh7 52.Rfg5 Re2+ 53.Kg3 Qc7+ 54.Kg4 Qd7+ 55.Kg3 Qd6+ 56.Kg4 Rf8 57.Kh4 Rf4+
58.R1g4 Rxg4+ 59.fxg4 Qf6 60.Qg3 Re7 61.Qb8 Kh6  0-1

[Event "Before Trzcianka GM Blitz 2014"]
[Site "Poznan POL"]
[Date "2014.04.12"]
[Round "6.2"]
[White "Bartel,Mat"]
[Black "Kasimdzhanov,R"]
[Result "1/2-1/2"]
[WhiteElo "2659"]
[BlackElo "2693"]

1.e4 e5 2.Nc3 Nf6 3.g3 Bb4 4.Bg2 Bxc3 5.bxc3 d6 6.d3 O-O 7.f4 exf4 8.Bxf4 Nc6
9.Nf3 d5 10.e5 Nd7 11.O-O Nc5 12.d4 Ne6 13.c4 Ne7 14.cxd5 Nxd5 15.Bd2 Nb6
16.Bb4 Re8 17.Qd3 Bd7 18.d5 Ng5 19.Rae1 Bg4 20.Nxg5 Qxg5 21.Bd2 Qh5 22.Bf4 Rad8
23.c4 c6 24.d6 Be6 25.Rc1 Nd7 26.Qe3 Bh3 27.Bf3 Bg4 28.Bxg4 Qxg4 29.Qxa7 Nxe5
30.Bxe5 Rxe5 31.Qxb7 Qd4+ 32.Kh1 Qe4+ 33.Kg1 Qd4+ 34.Kh1 Qe4+ 35.Kg1  1/2-1/2

[Event "Before Trzcianka GM Blitz 2014"]
[Site "Poznan POL"]
[Date "2014.04.12"]
[Round "8.3"]
[White "Moiseenko,A1"]
[Black "Kasimdzhanov,R"]
[Result "0-1"]
[WhiteElo "2707"]
[BlackElo "2693"]

1.d4 d5 2.c4 c6 3.Nc3 Nf6 4.e3 e6 5.Nf3 Nbd7 6.Qc2 Bd6 7.Bd3 O-O 8.O-O dxc4
9.Bxc4 b5 10.Be2 Bb7 11.e4 e5 12.dxe5 Nxe5 13.Nd4 Ng6 14.Nf5 Be5 15.f4 Bxc3
16.bxc3 c5 17.Bf3 c4 18.e5 Bxf3 19.exf6 Bb7 20.fxg7 Re8 21.Be3 Be4 22.Nh6+ Kxg7
23.Qf2 f5 24.Rad1 Qe7 25.Ng4 fxg4 26.f5 Rf8 27.Bd4+ Kg8 28.Bc5 Rxf5 29.Bxe7 Rxf2
30.Rxf2 Bd3 31.Re1 Re8 32.Rf6 Nxe7 33.Rfe6 Kf7 34.R6e5 a6 35.Kf2 Kf6 36.Re6+ Kf7
37.Rxa6 Nd5 38.Ra7+ Kf8 39.Rxe8+ Kxe8 40.a4 bxa4 41.Rxa4 Nxc3 42.Ra7 Nd5
43.Ra5 Nf4 44.g3 Ne6 45.Ke3 Kf7 46.Ra6 Kf6 47.Rb6 Ke5 48.Rb5+ Kd6 49.Rb6+ Kd5
50.Rb5+ Nc5 51.Rb8 c3 52.Rd8+ Kc4 53.Rd4+ Kb3 54.Rxg4 c2 55.Kd2 Kb2 56.Rb4+ Nb3+  0-1

[Event "Before Trzcianka GM Blitz 2014"]
[Site "Poznan POL"]
[Date "2014.04.12"]
[Round "9.4"]
[White "Kasimdzhanov,R"]
[Black "Miton,K"]
[Result "0-1"]
[WhiteElo "2693"]
[BlackElo "2603"]

1.e4 c5 2.Nf3 Nc6 3.d4 cxd4 4.Nxd4 e5 5.Nb5 d6 6.c4 Be7 7.N1c3 a6 8.Na3 Nf6
9.Be2 Nd4 10.Nc2 Nxe2 11.Qxe2 O-O 12.O-O Be6 13.b3 Rc8 14.Bb2 Qa5 15.Ne3 b5
16.Ncd5 Nxd5 17.exd5 Bd7 18.f4 bxc4 19.Nxc4 Qxd5 20.fxe5 dxe5 21.Qxe5 Qxe5
22.Bxe5 Bc5+ 23.Kh1 Bb5 24.Rac1 Rfe8 25.h3 Ba3 26.Rce1 Bb4 27.Re3 f6 28.Bf4 Rxe3
29.Bxe3 Bxc4 30.Rf4 Bd5 31.Rxb4 Rc2 32.Rg4 Rxa2 33.b4 Kf7 34.h4 Re2 35.Bc5 f5
36.Rg5 Be4 37.Kg1 h6 38.Rg3 g6 39.Be3 Bxg2 40.Bxh6 Be4 41.Bg5 Ke6 42.Ra3 Bb7
43.Rc3 Re4 44.Rc7 Bd5 45.Rg7 f4 46.Rxg6+ Kf5 47.Rd6 Bc4 48.Kf2 Kg4 49.Rf6 Re2+
50.Kg1 f3  0-1

[Event "Before Trzcianka GM Blitz 2014"]
[Site "Poznan POL"]
[Date "2014.04.12"]
[Round "11.3"]
[White "Kasimdzhanov,R"]
[Black "Schmidt,Wl"]
[Result "1-0"]
[WhiteElo "2693"]
[BlackElo "2360"]

1.e4 e6 2.d4 d5 3.Nd2 c5 4.Ngf3 Nc6 5.exd5 exd5 6.Bb5 Bd6 7.O-O Ne7 8.dxc5 Bxc5
9.Nb3 Bd6 10.Re1 O-O 11.Bd3 h6 12.h3 Nf5 13.c3 Bc7 14.Bc2 Qd6 15.Qd3 g6 16.Qd2 h5
17.Qg5 Bd7 18.Bd2 Rfe8 19.Rad1 Kg7 20.Bxf5 Bxf5 21.g3 Be4 22.Qh6+ Kg8 23.Ng5 Qf6
24.Qh7+ Kf8 25.Nc5 Rad8 26.Ngxe4 dxe4 27.Nxe4  1-0

[Event "ch-POL Rapid 2014"]
[Site "Trzcianka POL"]
[Date "2014.04.13"]
[Round "3.3"]
[White "Chojnacki,K"]
[Black "Kasimdzhanov,R"]
[Result "1/2-1/2"]
[WhiteElo "2405"]
[BlackElo "2693"]

1.d4 d5 2.c4 c6 3.Nf3 Nf6 4.Nc3 e6 5.e3 Nbd7 6.Qc2 Bd6 7.g4 h6 8.Bd2 dxc4
9.Bxc4 b5 10.Bd3 Bb7 11.Rg1 Qe7 12.e4 e5 13.O-O-O Rd8 14.dxe5 Nxe5 15.Nxe5 Bxe5
16.f4 Bd4 17.Rg3 b4 18.Ne2 Bf2 19.Rg2 Bb6 20.g5 hxg5 21.Rxg5 Kf8 22.Ng3 Rxh2
23.Qc4 Rd4 24.Qb3 Bc8 25.Ne2 Rd8 26.Bxb4 c5 27.Bc3 Rxd3 28.Rxd3 Qxe4 29.Qd1 Qxe2
30.Rd8+ Bxd8 31.Qxd8+ Qe8 32.Bxf6 Qxd8 33.Bxd8 c4 34.Rc5 Be6 35.f5 Bd7 36.f6 gxf6
37.Bxf6 Rf2 38.Bd4 Rf4 39.Rxc4 Kg8 40.Rb4 a5 41.Rb8+ Kh7 42.Bc3 a4 43.Kd2 Be6
44.Ke3 Rc4 45.Rb4 Rxb4 46.Bxb4 Bxa2 47.Kf4 Kg6 48.Ke4  1/2-1/2

[Event "ch-POL Rapid 2014"]
[Site "Trzcianka POL"]
[Date "2014.04.13"]
[Round "4.14"]
[White "Kasimdzhanov,R"]
[Black "Schmidt,Wl"]
[Result "1-0"]
[WhiteElo "2693"]
[BlackElo "2360"]

1.e4 c5 2.Nf3 e6 3.d4 cxd4 4.Nxd4 Nc6 5.Nc3 Qc7 6.Be3 a6 7.Qd2 Bb4 8.a3 Be7
9.Be2 Nf6 10.f4 d6 11.O-O-O O-O 12.g4 Re8 13.g5 Nd7 14.h4 Bf8 15.h5 b5 16.g6 fxg6
17.hxg6 h6 18.f5 Nxd4 19.Qxd4 Nf6 20.fxe6 Bxe6 21.Rdf1 Be7 22.Qd2 Bf8 23.Rxf6 gxf6
24.Nd5 Qg7 25.Nf4 Kh8 26.Nxe6 Rxe6 27.Bxh6 Qxg6 28.Be3+  1-0

[Event "ch-POL Rapid 2014"]
[Site "Trzcianka POL"]
[Date "2014.04.13"]
[Round "6.5"]
[White "Kasimdzhanov,R"]
[Black "Malaniuk,V"]
[Result "1-0"]
[WhiteElo "2693"]
[BlackElo "2554"]

1.d4 f5 2.Nf3 Nf6 3.g3 g6 4.Bg2 Bg7 5.O-O O-O 6.c4 d6 7.Nc3 Qe8 8.b3 Nc6
9.Ba3 Ne4 10.Rc1 Nxc3 11.Rxc3 f4 12.Qd2 fxg3 13.hxg3 Bg4 14.d5 Nd8 15.Nd4 c5
16.dxc6 bxc6 17.Re3 Qd7 18.Nxc6 Nxc6 19.Qd5+ Kh8 20.Qxc6 Qxc6 21.Bxc6 Rac8
22.Bf3 Bxf3 23.exf3 Bf6 24.Bb4 Kg7 25.f4 Rc7 26.Rd1 Rb8 27.a3 Kf7 28.Rd5 Rc6
29.Kf1 a6 30.Ke2 h6 31.Kd1 g5 32.fxg5 hxg5 33.Kc2 Rh8 34.Bc3 Rh2 35.Rd2 e5
36.Re4 Ke6 37.b4 Kf5 38.f3 Rxd2+ 39.Kxd2 Ke6 40.Kd3 d5 41.cxd5+ Kxd5 42.Bb2 Rc7
43.f4 gxf4 44.gxf4 Rh7 45.Bxe5 Rh3+ 46.Re3 Rxe3+ 47.Kxe3 Bxe5 48.fxe5 Kxe5
49.Kd3 Kd5 50.Kc3 Kc6 51.Kc4 Kd6 52.a4 Kc6 53.Kd3 Kd7 54.Ke3 Ke7 55.Kf3 Kd7
56.Kf4 Kd6 57.Ke4 Ke6 58.Ke3 Ke7 59.Kd2 Kd7 60.Kc2 Kc7 61.Kc3 Kc6 62.Kc4 Kd6
63.Kd4 Kc6 64.Ke5 Kd7 65.Kd5 Kc7 66.Kc5 Kb7 67.Kd6 Kb6 68.Kd7 Kb7 69.a5  1-0

[Event "ch-POL Rapid 2014"]
[Site "Trzcianka POL"]
[Date "2014.04.13"]
[Round "7.4"]
[White "Sadzikowski,D"]
[Black "Kasimdzhanov,R"]
[Result "1/2-1/2"]
[WhiteElo "2478"]
[BlackElo "2693"]

1.c4 e6 2.Nc3 d5 3.d4 Be7 4.Bf4 Nf6 5.e3 O-O 6.a3 b6 7.g4 dxc4 8.Qf3 Nd5
9.Bxc4 Nxf4 10.Qxa8 Bd7 11.Qf3 Bc6 12.e4 Qxd4 13.Bf1 Bd6 14.Rd1 Qf6 15.Nge2 Be5
16.Nxf4 Bxf4 17.Bg2 Nd7 18.Ne2 Be5 19.Qxf6 Nxf6 20.g5 Nxe4 21.Nd4 Bd5 22.O-O c5
23.Nf5 exf5 24.Rxd5 Bxb2 25.Rxf5 Nc3 26.Re1 Bxa3 27.Re7 a5 28.Rb7 b5 29.Kf1 Bb4
30.Bc6 g6 31.Rf3 a4 32.Bxb5 Ne4 33.Bxa4 Nd2+ 34.Kg2 Nxf3 35.Kxf3 Rd8 36.Bb5 Rd4
37.Be8 Bd2 38.Bxf7+ Kf8 39.Ba2 c4 40.Rxh7 c3 41.Rc7 Rf4+ 42.Ke2 Rg4 43.Rc5  1/2-1/2

[Event "ch-POL Rapid 2014"]
[Site "Trzcianka POL"]
[Date "2014.04.13"]
[Round "8.5"]
[White "Kasimdzhanov,R"]
[Black "Bartel,Mi"]
[Result "1-0"]
[WhiteElo "2693"]
[BlackElo "2305"]

1.e4 e5 2.Nf3 Nc6 3.Bb5 a6 4.Ba4 Nge7 5.c3 g6 6.d4 exd4 7.cxd4 b5 8.Bb3 Bg7
9.Nc3 d6 10.O-O O-O 11.h3 Na5 12.Bf4 Bb7 13.Re1 b4 14.Na4 Nec6 15.Bc2 Nc4
16.Rc1 Re8 17.Bb3 N4a5 18.Bc2 Rb8 19.Bb1 Qd7 20.b3 Na7 21.Qd2 Bc6 22.Nb2 Nb5
23.Bh6 Bh8 24.Nd1 Ba8 25.Re3 Nc6 26.d5 Ne5 27.Nxe5 Bxe5 28.Qxb4 c6 29.dxc6 Bxc6
30.Qd2 Qb7 31.Bd3 Nd4 32.Nc3 Ne6 33.Bc4 g5 34.Bxg5 Nxg5 35.Rg3 Bxg3 36.Qxg5+ Kh8
37.Qxg3 Bxe4 38.Qxd6 Qe7 39.Qxe7 Rxe7 40.Bxa6 Bb7 41.Bc4 Rg8 42.Nd5 Bxd5
43.Bxd5 Re2 44.a4 Rd8 45.Bc4 Ra2 46.Bxf7 Rf8 47.Rc7 Kg7 48.Bd5+ Kh6 49.Rf7 Rd8
50.Bc4 Rd1+ 51.Kh2 Rdd2 52.Kg3 Kg6 53.Rf3 Rdb2 54.h4 Rc2 55.Bd3+  1-0

[Event "ch-POL Rapid 2014"]
[Site "Trzcianka POL"]
[Date "2014.04.13"]
[Round "9.4"]
[White "Sergeev,Vl"]
[Black "Kasimdzhanov,R"]
[Result "0-1"]
[WhiteElo "2457"]
[BlackElo "2693"]

1.d4 Nf6 2.Nf3 e6 3.Bg5 c5 4.e3 cxd4 5.exd4 b6 6.Bd3 Bb7 7.Nbd2 Be7 8.O-O O-O
9.Re1 d6 10.Bxf6 Bxf6 11.Be4 d5 12.Bd3 Nc6 13.c3 g6 14.Qe2 Bg7 15.Ne5 Ne7
16.a4 Nc8 17.a5 Nd6 18.h3 Qc7 19.h4 Rae8 20.axb6 axb6 21.Nef3 f6 22.c4 Bh6
23.b3 Bf4 24.Ra2 f5 25.Rc2 Qg7 26.c5 bxc5 27.dxc5 Ne4 28.c6 Bc8 29.b4 Bc7
30.Nb3 e5 31.Ba6 Be6 32.Ng5 Nxg5 33.hxg5 e4 34.Nc5 Qe5 35.g3 f4 36.Nd7 Bxd7
37.cxd7 Rd8 38.Qg4 fxg3 39.Qxg3 Qxg3+ 40.fxg3 Rxd7 41.Bb5 Re7 42.Bc6 Rf5
43.Rd1 Bb6+ 44.Kg2 d4 45.Re2 e3 46.b5 Rxg5 47.Rd3 Kg7 48.Ra3 Bc7 49.Rd3 Rxg3+
50.Kh1 Bb6 51.Kh2 Rg4 52.Kh3 h5 53.Re1 Kh6 54.Bf3 Rf4 55.Kg2 Ref7 56.Rf1 R7f5
57.Be2 Rf2+  0-1